| 000 | 00762cam a22002653a 4500 | ||
|---|---|---|---|
| 001 | 18255 | ||
| 003 | PGUSA | ||
| 005 | 20140828083404.0 | ||
| 008 | 060425s2006||||xxu|||||s|||||000 | eng d | ||
| 040 |
_aPGUSA _beng |
||
| 042 | _adc | ||
| 050 | 4 | _aB | |
| 100 | 1 |
_aFichte, Johann Gottlieb, _d1762-1814 |
|
| 245 | 1 | 0 |
_aVersuch einer Kritik aller Offenbarung _h[electronic resource] / _cJohann Gottlieb Fichte |
| 260 |
_bProject Gutenberg, _c2006 |
||
| 506 | _aPublic domain in the USA. | ||
| 516 | _aElectronic text | ||
| 653 | _aChristianity -- Controversial literature | ||
| 653 | _aAtheism | ||
| 653 | _aRevelation | ||
| 653 | _aProtestantism | ||
| 830 | 0 |
_aProject Gutenberg _v18255 |
|
| 856 | 4 | 0 | _uhttp://www.gutenberg.org/ebooks/18255 |
| 942 | _cEB | ||
| 999 |
_c247510 _d247510 |
||